Problem at Pollensa Bay (Record no. 4974)
[ view plain ]
| 000 -LEADER | |
|---|---|
| fixed length control field | 00455 a2200157 4500 |
| 020 ## - INTERNATIONAL STANDARD BOOK NUMBER | |
| International Standard Book Number | 0006472427 |
| 040 ## - CATALOGING SOURCE | |
| Original cataloging agency | DLC |
| Language of cataloging | DLC |
| 082 ## - DEWEY DECIMAL CLASSIFICATION NUMBER | |
| Classification number | 823.912 |
| 100 ## - MAIN ENTRY--PERSONAL NAME | |
| Personal name | Christie, Agatha. |
| 245 ## - TITLE STATEMENT | |
| Title | Problem at Pollensa Bay |
| Statement of responsibility, etc. | Agatha Christie |
| 260 ## - PUBLICATION, DISTRIBUTION, ETC. | |
| Place of publication, distribution, etc. | London: , |
| Name of publisher, distributor, etc. | Harper Collins Publishers |
| Date of publication, distribution, etc. | 1991. |
| 300 ## - PHYSICAL DESCRIPTION | |
| Extent | 277 p. ; |
| Other physical details | 19 cm. |
| 500 ## - GENERAL NOTE | |
| General note | Includes Index |
| 650 ## - SUBJECT ADDED ENTRY--TOPICAL TERM | |
| Topical term or geographic name entry element | 1.Christie, Agatha,1890-1976--Criticism and interpretation |
| 942 ## - ADDED ENTRY ELEMENTS (KOHA) | |
| Koha item type | Book |
| Call number prefix | 823.912 CHR |
| Source of classification or shelving scheme | |
| Withdrawn status | Lost status | Damaged status | Not for loan | Collection code | Permanent Location | Current Location | Shelving location | Date acquired | Source of acquisition | Cost, normal purchase price | Total Checkouts | Full call number | Barcode | Date last seen | Price effective from | Koha item type | Total Renewals | Date last checked out |
|---|---|---|---|---|---|---|---|---|---|---|---|---|---|---|---|---|---|---|
| Central Library (CL) | Central Library (CL) | General Stacks | 11/22/2003 | Academic Book com. | 150.00 | 823.912 CHR | SEECS003013 | 09/19/2022 | 01/05/2017 | Book | ||||||||
| Central Library (CL) | Central Library (CL) | Fiction | 07/31/2004 | Saeed Book Bank | 175.50 | 1 | 823.912 CHR | SEECS004650 | 06/24/2019 | 01/05/2017 | Book | 1 | 04/26/2019 |
